| 000 | 01084cab a22001935a 4500 | ||
|---|---|---|---|
| 001 | L142448 | ||
| 008 | 080214e20080204xxkad f s 000 0 eng d | ||
| 035 | _a(Sirsi) u142448 | ||
| 041 | 0 | _aeng | |
| 100 | 1 | _aMcIntosh, Angus | |
| 245 | 0 | 0 |
_aProperty markets _ba quantifiable risk or a major uncertainty |
| 260 | _c2008 | ||
| 490 | 0 |
_aEuroProperty _v4 February 2008, 2-13(4) |
|
| 520 | _aDiscusses the state of the UK property market. Finds that despite the credit crunch, the office occupational market is still strong. Suggests that there are two economies: the asset backed investment economy and the underlying occupational economy. Looks back at past price corrections on the stock market in the last thirty five years. Considers the outlook for property in light of uncertainties over the introduction of the Uniform Business Rate on empty buildings, the increasing cost of new space and the introduction of Energy Performance Certificates. | ||
| 590 | _aKA | ||
| 651 | 4 |
_aUnited Kingdom _y |
|
| 690 | _aPROPERTY-COMMERCIAL PROPERTY-COMMERCIAL PROPERTY MARKET | ||
| 942 | _n0 | ||
| 999 |
_c79827 _d79827 |
||